000 00454nab a2200145Ia 4500
003 ES-SlBCS
005 20210601133906.0
008 140529s1986 xxu||||| |||| 00| 0 por d
041 _apor
100 1 _aSoveral, Eduardo A. de
_9210871
245 0 0 _aIntroduçao ao pensamento de Sampaio Bruno
_c Eduardo A. de Soveral
650 0 4 _aSampaio Bruno
_9207289
773 0 _tRevista Portuguesa de Filosofia
_gvol. 42, 1986, págs. 413-424
_wRev379
942 _cAR
999 _c603811
_d603811